[Event "Titled Tue 27th May Early"]
[Site "chess.com INT"]
[Date "2025.05.27"]
[Round "1"]
[White "Karimova, Guldona"]
[Black "Dragnev, Valentin"]
[Result "0-1"]
[WhiteTitle "WIM"]
[BlackTitle "GM"]
[WhiteElo "2265"]
[BlackElo "2540"]
[WhiteFideId "14210410"]
[BlackFideId "1634852"]
[EventDate "2025.05.27"]

1. e4 c6 2. d4 d5 3. Nd2 dxe4 4. Nxe4 Bf5 5. Ng3 Bg6 6. h4 h6 7. Nf3 Nd7 8. Bd3
Bxd3 9. Qxd3 Ngf6 10. Bf4 e6 11. c3 Be7 12. O-O-O O-O 13. Kb1 Qb6 14. Ne5 Rad8
15. Nxd7 Rxd7 16. Qc2 Rfd8 17. Be5 c5 18. dxc5 Qxc5 19. Rxd7 Rxd7 20. Bxf6 Bxf6
21. Ne4 Qf5 22. Nxf6+ Qxf6 23. g3 Qf3 24. Re1 Rd5 25. Qe2 Qf5+ 26. Qc2 Qf3 27.
Qe2 Qg2 28. Qe3 a6 29. c4 Rf5 30. f4 e5 31. fxe5 Rf3 32. Qe4 Qxg3 33. e6 fxe6
34. Qxe6+ Kh7 35. Qe4+ Qg6 36. h5 Qxe4+ 37. Rxe4 Rf5 38. Rh4 g6 39. hxg6+ Kxg6
40. Rg4+ Rg5 41. Rd4 h5 42. Rd6+ Kf5 43. Rd7 h4 44. Rxb7 Rh5 45. Rd7 h3 46. Rd1
h2 47. Rh1 Ke4 48. c5 Kf3 49. c6 Kg2 50. Rd1 h1=Q 51. Rxh1 Rxh1+ 52. Kc2 Rh6 53.
b4 Rxc6+ 54. Kb3 Kf3 55. a4 Ke4 56. b5 axb5 57. axb5 Rc1 58. Kb4 Kd5 59. b6 Kc6
60. Ka5 Rb1 61. Ka6 Ra1# 0-1

[Event "Titled Tue 27th May Early"]
[Site "chess.com INT"]
[Date "2025.05.27"]
[Round "1"]
[White "Fisabilillah, Ummi"]
[Black "Klekowski, Maciej"]
[Result "1-0"]
[WhiteTitle "WIM"]
[BlackTitle "GM"]
[WhiteElo "2115"]
[BlackElo "2474"]
[WhiteFideId "7104804"]
[BlackFideId "1132717"]
[EventDate "2025.05.27"]

1. Nf3 c6 2. b3 d5 3. Bb2 Nf6 4. e3 Bg4 5. Be2 Nbd7 6. Ne5 Bf5 7. O-O h5 8. d3
e6 9. Nd2 Nxe5 10. Bxe5 Ng4 11. Bg3 Bd6 12. e4 Bxg3 13. hxg3 Bg6 14. Bxg4 hxg4
15. Qxg4 dxe4 16. Nxe4 Rh5 17. Rfe1 Qe7 18. Qf4 O-O-O 19. f3 Bxe4 20. fxe4 Rdh8
21. Qe3 Kb8 22. Kf2 Ka8 23. Ke2 Rh2 24. Rg1 Qd6 25. Raf1 f6 26. Kd2 Qa3 27. Qd4
e5 28. Qc3 Rd8 29. Re1 a6 30. b4 Qxa2 31. Ra1 Qe6 32. Ra5 Qd6 33. Qc4 Kb8 34.
Kc3 Qd4+ 35. Qxd4 Rxd4 36. Kb3 Rd8 37. Raa1 Rdh8 38. Raf1 Kc7 39. Kc4 Kd6 40.
Kc3 R8h6 41. Kd2 Rg6 42. Rf3 Rh5 43. Ke3 c5 44. bxc5+ Kxc5 45. Rb1 b6 46. Ra1 a5
47. c3 Rh8 48. d4+ Kc4 49. d5 Rc8 50. Rd1 Rh6 51. d6 Rhh8 52. d7 Rhd8 53.
dxc8=Q+ Rxc8 54. Kd2 a4 55. Kc2 b5 56. Rb1 Kc5 57. Rd3 1-0

[Event "Titled Tue 27th May Early"]
[Site "chess.com INT"]
[Date "2025.05.27"]
[Round "1"]
[White "Cuellar Montes, Alejandro"]
[Black "Kozak, Adam"]
[Result "0-1"]
[WhiteTitle "CM"]
[BlackTitle "GM"]
[WhiteElo "2173"]
[BlackElo "2578"]
[WhiteFideId "32096836"]
[BlackFideId "753246"]
[EventDate "2025.05.27"]

1. e4 c5 2. Nf3 d6 3. d4 cxd4 4. Nxd4 Nf6 5. Nc3 a6 6. Bg5 e6 7. f4 h6 8. Bh4
Qb6 9. a3 Be7 10. Bf2 Qc7 11. Qf3 b5 12. O-O-O Bb7 13. Bd3 Nbd7 14. Kb1 h5 15.
h3 h4 16. Rhe1 Nc5 17. Qe2 Rc8 18. e5 dxe5 19. fxe5 Nd5 20. Nxd5 Bxd5 21. Qg4
Nxd3 22. Rxd3 g6 23. Rc3 Qd7 24. Rxc8+ Qxc8 25. Nf3 Qc4 26. Qxc4 Bxc4 27. Re4
Bd5 28. Rf4 Rh5 29. Bd4 Bd8 30. Bc3 Bc7 31. Rg4 Bxf3 32. gxf3 Bxe5 33. Bxe5 Rxe5
34. Rxh4 Re3 35. Rf4 g5 36. Rg4 Rxf3 37. Rxg5 Rxh3 38. Rg8+ Ke7 39. Ra8 f5 40.
Kc1 f4 41. Kd2 Kf6 42. Rxa6 Kf5 43. Rb6 e5 44. Rxb5 Rh2+ 45. Kd3 f3 46. Ke3 Kg4
47. Rb8 Re2+ 48. Kd3 e4+ 49. Kd4 f2 50. Rf8 e3 51. Kd3 Re1 52. a4 f1=Q+ 53. Rxf1
Rxf1 54. Kxe3 Kf5 55. Kd4 Ke6 56. Kc5 Kd7 57. c4 Ra1 58. b3 Kc7 59. Kb5 Ra3 60.
b4 Rh3 61. c5 Kb7 62. Kc4 Rh4+ 63. Kb5 Rg4 64. a5 Rf4 65. a6+ Ka7 66. Ka5 Rc4
67. Kb5 Rc1 68. Kc6 Kxa6 69. b5+ Ka7 70. b6+ Kb8 71. Kb5 Kb7 0-1

[Event "Titled Tue 27th May Early"]
[Site "chess.com INT"]
[Date "2025.05.27"]
[Round "1"]
[White "Molina, Roberto Junio Brito"]
[Black "Manukian, Artak"]
[Result "0-1"]
[WhiteTitle "IM"]
[WhiteElo "2381"]
[BlackElo "2104"]
[WhiteFideId "2109450"]
[BlackFideId "13301373"]
[EventDate "2025.05.27"]

1. d4 d5 2. c4 dxc4 3. e3 e5 4. Bxc4 exd4 5. Nf3 Nf6 6. Qxd4 Qxd4 7. Nxd4 a6 8.
Nc3 c5 9. Nc2 b5 10. Be2 Bb7 11. Bf3 Bxf3 12. gxf3 Nc6 13. Ke2 O-O-O 14. Bd2 Kb7
15. Rad1 Be7 16. b3 Rd7 17. Bc1 Rhd8 18. Rxd7+ Rxd7 19. Bb2 g6 20. Ne4 Nxe4 21.
fxe4 Na5 22. Bc3 b4 23. Bd2 Nc6 24. f4 a5 25. e5 Kb6 26. Rc1 Ra7 27. a4 Rd7 28.
Ne1 f6 29. exf6 Bxf6 30. Nd3 Rd5 31. Be1 Rh5 32. Bg3 Be7 33. Rc4 Kc7 34. f5+ Kd7
35. fxg6 hxg6 36. Rg4 g5 37. Nb2 Bd6 38. Nc4 Bxg3 39. hxg3 Ke6 40. Re4+ Kd5 41.
Re8 g4 42. Kd3 Ne5+ 43. Nxe5 Rxe5 44. e4+ Kd6 45. Rg8 Rh5 46. Rg6+ Kd7 47. Rxg4
Rh1 48. Rg6 Rc1 49. e5 Rc3+ 50. Ke4 Rxb3 51. Kd5 Rd3+ 52. Kxc5 b3 53. g4 Re3 54.
Kd4 Rg3 55. Kd5 Rd3+ 56. Kc5 Rg3 57. Rb6 Rxg4 58. Rxb3 Rxa4 59. Kd5 Rb4 60. Ra3
Rb5+ 0-1

[Event "Titled Tue 27th May Early"]
[Site "chess.com INT"]
[Date "2025.05.27"]
[Round "1"]
[White "Yushko, Olga"]
[Black "Kalyani Sirin"]
[Result "0-1"]
[WhiteTitle "WFM"]
[BlackTitle "WFM"]
[WhiteElo "2036"]
[BlackElo "2136"]
[WhiteFideId "14114500"]
[BlackFideId "33323500"]
[EventDate "2025.05.27"]

1. d4 Nf6 2. c4 g6 3. Nc3 d5 4. cxd5 Nxd5 5. e4 Nxc3 6. bxc3 Bg7 7. Bc4 c5 8.
Ne2 Nc6 9. Be3 O-O 10. O-O Bg4 11. f3 Bd7 12. Rb1 Na5 13. Bd3 cxd4 14. cxd4 Rc8
15. Bb5 Bxb5 16. Rxb5 Nc4 17. Bf2 b6 18. Qa4 Qd7 19. Rb4 Qxa4 20. Rxa4 Rc7 21.
Rb4 Rfc8 22. Bg3 e5 23. dxe5 Nxe5 24. Nf4 Rc1 25. a4 Bh6 26. Nd5 Rxf1+ 27. Kxf1
Rc1+ 28. Ke2 Rc2+ 29. Kf1 Nc4 30. Be1 Nb2 31. Rd4 Bg7 32. Rb4 Nd3 33. Rb1 Bd4
34. Rd1 Nxe1 35. Rxd4 Nxg2 36. Rb4 Nh4 37. Rb3 Rxh2 38. a5 bxa5 39. Ra3 h5 40.
Rxa5 Nxf3 41. Rxa7 Nd2+ 42. Kg1 Re2 43. Nf6+ Kg7 44. Ne8+ Kf8 45. Nd6 Nxe4 46.
Nxf7 h4 47. Ne5 g5 48. Nf3 Rb2 49. Ra8+ Kf7 50. Ra5 Kf6 51. Ra6+ Kf5 52. Ra5+
Kg4 53. Ne5+ Kh5 54. Nf3 Rb1+ 55. Kg2 Rb2+ 56. Kg1 Rf2 57. Rf5 Re2 58. Rb5 Kg4
59. Ne5+ Kf4 60. Ng6+ Kg3 61. Kf1 Rf2+ 62. Kg1 Rg2+ 63. Kh1 Nf2# 0-1

[Event "Titled Tue 27th May Early"]
[Site "chess.com INT"]
[Date "2025.05.27"]
[Round "1"]
[White "Torosyan, Volodya"]
[Black "Smirnova, Ekaterina"]
[Result "0-1"]
[WhiteTitle "CM"]
[BlackTitle "WIM"]
[WhiteElo "2186"]
[BlackElo "2096"]
[WhiteFideId "13319051"]
[BlackFideId "4110943"]
[EventDate "2025.05.27"]

1. Nf3 d5 2. d4 c6 3. c4 Nf6 4. e3 Bf5 5. Nc3 e6 6. Bd3 Bxd3 7. Qxd3 Be7 8. O-O
O-O 9. e4 dxe4 10. Nxe4 Nxe4 11. Qxe4 Nd7 12. Qe2 a6 13. Bf4 Nf6 14. Rfd1 Qa5
15. h3 Rad8 16. a3 b5 17. b4 Qb6 18. Rac1 bxc4 19. Qxc4 Nd5 20. Bd2 Rc8 21. Ne5
Bf6 22. Nxc6 Rc7 23. Qc5 Bxd4 24. Qxd4 Rxc6 25. Qxb6 Rxb6 26. Be3 Rb7 27. Rc6
Ra8 28. Rdc1 Rbb8 29. Bc5 g5 30. Bd6 Rd8 31. Be5 f6 32. Bb2 Kf7 33. Re1 Re8 34.
Rd6 h6 35. Bd4 h5 36. g3 h4 37. Kg2 hxg3 38. fxg3 Re7 39. Rf1 Kg6 40. Rxd5 exd5
41. Rxf6+ Kh7 42. Rf5 Re2+ 43. Kf3 Ra2 44. Rxg5 Rxa3+ 45. Kg4 Rd3 46. Rxd5 Rg8+
47. Kh5 Rgxg3 48. h4 Kg8 49. Rd7 Kf8 50. Bc5+ Ke8 51. Rxd3 Rxd3 52. Kg5 Kf7 53.
h5 Kg8 54. h6 Kh7 55. Bf8 Rd5+ 56. Kf4 Rb5 57. Ke4 a5 58. bxa5 Rxa5 59. Bg7 Ra6
60. Kf4 Rxh6 0-1

[Event "Titled Tue 27th May Early"]
[Site "chess.com INT"]
[Date "2025.05.27"]
[Round "1"]
[White "Ambrogi, Agustin"]
[Black "Kushko, Dmitriy"]
[Result "0-1"]
[WhiteTitle "FM"]
[BlackTitle "IM"]
[WhiteElo "2237"]
[BlackElo "2454"]
[WhiteFideId "170933"]
[BlackFideId "14162261"]
[EventDate "2025.05.27"]

1. e4 d6 2. Nc3 Nf6 3. f4 g6 4. Nf3 Bg7 5. Bc4 c6 6. Bb3 d5 7. e5 Nfd7 8. d4 Nb6
9. Ne2 Bg4 10. O-O e6 11. h3 Bxf3 12. Rxf3 N8d7 13. c3 c5 14. Bc2 h5 15. b3 h4
16. Ba3 Bf8 17. Rc1 Rc8 18. Bb1 Be7 19. Bb2 c4 20. Kh1 a5 21. Bc2 Qc7 22. Ra1
Qc6 23. Qb1 Ra8 24. Rf1 Rg8 25. Ng1 cxb3 26. axb3 a4 27. bxa4 Nxa4 28. Nf3 Ndb6
29. Nd2 Kd7 30. Bxa4 Nxa4 31. Qc2 Rgc8 32. Rfc1 b5 33. Nb3 Qc4 34. Nd2 Qe2 35.
Re1 Qh5 36. Nf3 Qf5 37. Qb3 Rcb8 38. Ba3 Bd8 39. Bd6 Rb7 40. Qb4 Qd3 41. Bf8 Rb6
42. Ng5 Ke8 43. Bc5 Rb7 44. Reb1 Rab8 45. Bd6 Ra8 46. Rd1 Qc4 47. Qxc4 bxc4 48.
Ra3 Rb3 49. Rda1 Rxa3 50. Rxa3 Nb6 51. Rxa8 Nxa8 52. g3 hxg3 53. Kg2 Bxg5 54.
fxg5 Nb6 55. Kxg3 Na4 56. Bb4 Kd7 57. h4 Nb2 58. h5 gxh5 59. Kh4 Nd3 60. Ba5 Nf4
61. Bb4 Kc6 62. Ba5 Kb5 63. Bd8 Ka4 64. Kg3 Ng6 65. Be7 Kb3 66. Bb4 Kc2 67. Kh3
Kd3 68. Kg3 Ke4 69. Kh3 Kf4 0-1

[Event "Titled Tue 27th May Early"]
[Site "chess.com INT"]
[Date "2025.05.27"]
[Round "1"]
[White "Sadubayev, Airat"]
[Black "Brenke, Andreas"]
[Result "1-0"]
[WhiteTitle "FM"]
[BlackTitle "FM"]
[WhiteElo "2211"]
[BlackElo "2349"]
[WhiteFideId "13713264"]
[BlackFideId "4602900"]
[EventDate "2025.05.27"]

1. d4 d5 2. c4 c6 3. Nf3 Nf6 4. Nc3 dxc4 5. a4 Bf5 6. Ne5 e6 7. Nxc4 c5 8. Be3
cxd4 9. Qxd4 Nc6 10. Qxd8+ Rxd8 11. Bg5 Nb4 12. Na3 Bc5 13. e4 Bg6 14. Bb5+ Kf8
15. f3 h6 16. Bh4 a6 17. Be2 Nd3+ 18. Bxd3 Rxd3 19. Nc4 Bh7 20. Ke2 Rd8 21. Rhd1
Be7 22. Rxd8+ Bxd8 23. Rd1 Be7 24. Nb6 g5 25. Bg3 Kg7 26. Be5 Rd8 27. Nd7 Kg6
28. Bxf6 Bxf6 29. Nxf6 Rxd1 30. Kxd1 Kxf6 31. Ke2 Ke5 32. Ke3 f5 33. exf5 exf5
34. a5 f4+ 35. Kd2 Bf5 36. Na4 Kd6 37. b4 Be6 38. Nc5 Bd5 39. Kd3 Kc6 40. Kd4
Bf7 41. Nd3 Bd5 42. Ne5+ Kd6 43. Ng4 h5 44. Nf6 Bf7 45. Ne4+ Kc6 46. Nxg5 Bg6
47. Nh3 Kb5 48. Nxf4 Bf7 49. Kc3 h4 50. g3 hxg3 51. hxg3 Kc6 52. g4 Kd6 53. Kd4
Bb3 54. Nd3 Bd1 55. Ne5 Ke6 56. f4 Bxg4 57. Nxg4 Kf5 58. Ke3 1-0

[Event "Titled Tue 27th May Early"]
[Site "chess.com INT"]
[Date "2025.05.27"]
[Round "1"]
[White "Aaradhya Das"]
[Black "Iljin, Timofey"]
[Result "0-1"]
[WhiteTitle "WCM"]
[BlackTitle "IM"]
[WhiteElo "1837"]
[BlackElo "2242"]
[WhiteFideId "33361436"]
[BlackFideId "14110180"]
[EventDate "2025.05.27"]

1. d4 Nf6 2. Nf3 d6 3. Bf4 g6 4. e3 Bg7 5. Nbd2 O-O 6. Bd3 Nc6 7. c3 Re8 8. O-O
e5 9. Bg5 h6 10. Bh4 g5 11. Nxg5 hxg5 12. Bxg5 exd4 13. exd4 Qd7 14. Bxf6 Bxf6
15. Qh5 Qg4 16. Qh7+ Kf8 17. Ne4 Bf5 18. Nxf6 Bxh7 19. Nxg4 Bxd3 20. Rfe1 f5 21.
Ne3 f4 22. Nd5 Rxe1+ 23. Rxe1 f3 24. Nxc7 Rc8 25. Ne6+ Kg8 26. gxf3 Kh7 27. h4
Kh6 28. d5 Ne5 29. Re3 Bc4 30. f4 Ng4 31. Rg3 Bxd5 32. Nd4 Nf6 33. Nf5+ Kh7 34.
Rg7+ Kh8 35. Rg6 Rg8 36. Rxg8+ Kxg8 37. Nxd6 Bxa2 38. Nxb7 Nd5 39. Kg2 Nxf4+ 40.
Kf3 Nd3 41. b4 Nb2 42. Ke4 Nd1 43. f4 Nxc3+ 44. Ke5 Nd5 45. b5 Nc7 46. Nd6 Kg7
47. h5 Kh6 48. Kf6 Kxh5 49. f5 Kg4 50. Ke7 Nd5+ 51. Kd7 Kg5 52. Kc6 Kf6 53. Kb7
Ke5 54. Nf7+ Kf6 55. Nd8 Ke7 56. Nc6+ Kd6 57. Kxa7 Nc7 58. Kb6 Bc4 59. Na5 Nd5+
60. Ka6 Be2 0-1

[Event "Titled Tue 27th May Early"]
[Site "chess.com INT"]
[Date "2025.05.27"]
[Round "1"]
[White "Christodoulaki, Antonia"]
[Black "Mhango, Banele"]
[Result "1-0"]
[WhiteTitle "WFM"]
[BlackTitle "FM"]
[WhiteElo "2111"]
[BlackElo "2244"]
[WhiteFideId "4214935"]
[BlackFideId "14327040"]
[EventDate "2025.05.27"]

1. d4 Nf6 2. e3 g6 3. Nf3 Bg7 4. Bd3 O-O 5. O-O c5 6. b3 d5 7. Bb2 Ne4 8. c3 Nc6
9. Nbd2 Bf5 10. Qe2 Qa5 11. Rfc1 e5 12. dxe5 Nxe5 13. Nxe5 Bxe5 14. Bxe4 dxe4
15. Nc4 Qa6 16. Qc2 Bc7 17. Rd1 Rad8 18. Nd2 Qd6 19. Nf1 Qf6 20. c4 Qg5 21. Qc3
f6 22. Ng3 h5 23. Rd5 Rxd5 24. cxd5 Bd6 25. Nxf5 Qxf5 26. Rd1 Qg4 27. Qd2 h4 28.
h3 Qf5 29. a3 g5 30. b4 cxb4 31. axb4 g4 32. hxg4 Qxg4 33. Kf1 h3 34. gxh3 Qxh3+
35. Ke2 Qf3+ 36. Ke1 Kf7 37. Bc3 Rh8 38. Qe2 Rh1+ 39. Kd2 Rxd1+ 40. Qxd1 Qxf2+
41. Qe2 Qxe2+ 42. Kxe2 b5 43. Kf2 Kg6 44. Kg2 f5 45. Kh3 Kh5 46. Bd4 a6 47. Bc5
Be5 48. d6 Kg6 49. d7 Bc7 50. Be7 a5 51. d8=Q Bxd8 52. Bxd8 a4 53. Bh4 a3 54.
Be1 f4 55. exf4 Kf5 56. Kg3 e3 57. Bc3 e2 58. Kf2 Kxf4 59. Kxe2 Ke4 60. Kd2 Kd5
61. Kc2 Kc4 62. Bd2 Kd4 63. Kb3 Kd3 64. Bc3 a2 65. Ba1 Kd2 66. Kxa2 Kc2 67. Ka3
Kd3 68. Be5 Kc4 69. Bd6 Kd5 70. Bc5 Kc4 71. Kb2 Kd3 72. Kb3 Kd2 73. Bd6 Kd3 74.
Bc5 Kd2 75. Kb2 Kd3 76. Kc1 Kc3 77. Kd1 Kd3 78. Ke1 Ke4 79. Kf2 Kd3 80. Kf3 Kc4
81. Ke4 Kc3 82. Kd5 Kb3 83. Kc6 Ka4 84. Kb6 1-0

[Event "Titled Tue 27th May Early"]
[Site "chess.com INT"]
[Date "2025.05.27"]
[Round "1"]
[White "Tilahun, Abel Mathewos"]
[Black "Thorhallsson, Simon"]
[Result "1-0"]
[WhiteTitle "CM"]
[BlackTitle "FM"]
[WhiteElo "1944"]
[BlackElo "2218"]
[WhiteFideId "15702391"]
[BlackFideId "2310090"]
[EventDate "2025.05.27"]

1. d4 g6 2. c4 Bg7 3. Nc3 d6 4. e4 e5 5. Nge2 Nc6 6. d5 Nd4 7. Be3 c5 8. dxc6
Nxe2 9. Bxe2 bxc6 10. O-O Ne7 11. Qd2 Be6 12. Rad1 Rb8 13. b3 Nc8 14. c5 O-O 15.
cxd6 Qa5 16. Na4 Qxd2 17. Rxd2 Rd8 18. Rfd1 Bf8 19. d7 Nb6 20. Nxb6 axb6 21. Bg5
Bc5 22. Bxd8 Rxd8 23. h3 Bd4 24. Rxd4 exd4 25. Rxd4 Kf8 26. Rd6 Ke7 27. Rxc6
Rxd7 28. Rxb6 Rd2 29. Bc4 Bxc4 30. bxc4 Rxa2 31. Rb7+ Ke6 32. f4 Rc2 33. Rb6+
Ke7 34. Rb4 Kd6 35. e5+ Ke6 36. Rb6+ Ke7 37. Rc6 Kd7 38. Rc5 Ke6 39. Kh2 Rc3 40.
Rc6+ Ke7 41. c5 h5 42. h4 Kd7 43. Rd6+ Ke7 44. c6 Rb3 45. Rd7+ Ke8 46. Rb7 Rc3
47. c7 Kd7 48. c8=Q+ Kxc8 49. Rxf7 Rc6 50. Rf6 Rxf6 51. exf6 Kd7 52. g4 Ke6 53.
g5 Kf7 54. Kg3 Ke6 55. Kf3 Kf7 56. Ke4 Kf8 57. Ke5 Kf7 58. f5 gxf5 59. Kxf5 Kf8
60. g6 Kg8 61. Kg5 Kh8 62. Kxh5 Kg8 63. Kg5 Kh8 64. h5 Kg8 65. h6 Kh8 66. g7+
Kh7 67. Kf5 Kg8 68. Ke6 Kh7 69. Ke7 Kg8 70. f7+ Kh7 71. f8=Q 1-0

[Event "Titled Tue 27th May Early"]
[Site "chess.com INT"]
[Date "2025.05.27"]
[Round "1"]
[White "Rodriguez Polo, Mateo"]
[Black "Belov, Alexei"]
[Result "0-1"]
[WhiteTitle "CM"]
[BlackTitle "IM"]
[WhiteElo "2219"]
[BlackElo "2421"]
[WhiteFideId "24509396"]
[BlackFideId "4128206"]
[EventDate "2025.05.27"]

1. d4 d5 2. a3 Nf6 3. Nf3 e6 4. e3 Be7 5. b3 O-O 6. Bb2 Nbd7 7. Bd3 c5 8. O-O b6
9. Nbd2 Bb7 10. Qe2 Ne4 11. c4 Ndf6 12. Ne5 cxd4 13. Bxd4 Nxd2 14. Qxd2 dxc4 15.
Bxc4 Ne4 16. Qb2 Bc5 17. Rae1 Qg5 18. Nf3 Qg6 19. Bd3 Bxd4 20. Nxd4 Qf6 21. Bxe4
Bxe4 22. f3 Bb7 23. Rc1 Qe5 24. Qf2 Rac8 25. Rfd1 h6 26. b4 Rfd8 27. Qd2 Qg5 28.
Rxc8 Rxc8 29. e4 Qe5 30. Qd3 Rd8 31. Qc4 a5 32. Rd2 Kh8 33. Nb3 Rxd2 34. Nxd2
Qa1+ 35. Kf2 Qxa3 36. Qc7 Ba6 37. Qxb6 Qd3 38. Qe3 axb4 39. Qxd3 Bxd3 40. Ke3
Bc2 41. Kd4 g5 42. Kc4 b3 43. Nxb3 Kg7 44. Nd4 Bd1 45. Kd3 Ba4 46. Ke3 Kf6 47.
g3 Kg6 48. f4 Bd7 49. Nf3 f6 50. e5 Bc6 51. exf6 Kxf6 52. Ne5 Bd5 53. Nd3 Kf5
54. Ne5 h5 55. Nd3 Kg4 56. fxg5 Kxg5 57. Nf4 Bc4 58. Ng2 Kg4 59. Nh4 Kh3 60. Kf4
Kxh2 61. Nf3+ Kg2 62. Ng5 Be2 63. Ne4 Bg4 64. Kg5 Kf3 65. Nf6 Kxg3 66. Ne4+ Kf3
67. Nc5 e5 68. Kh4 e4 69. Nxe4 Kxe4 70. Kg3 Kf5 71. Kh2 Kg5 72. Kg1 h4 73. Kh1
Kf4 74. Kg1 Kg3 75. Kh1 h3 76. Kg1 h2+ 77. Kh1 Bf3# 0-1

[Event "Titled Tue 27th May Early"]
[Site "chess.com INT"]
[Date "2025.05.27"]
[Round "1"]
[White "Hajiyev, Kanan"]
[Black "Rushbrooke, Remy"]
[Result "1/2-1/2"]
[WhiteTitle "FM"]
[WhiteElo "2197"]
[BlackElo "2090"]
[WhiteFideId "13404148"]
[BlackFideId "443590"]
[EventDate "2025.05.27"]

1. d4 d5 2. c4 c6 3. cxd5 cxd5 4. Nf3 Nf6 5. Nc3 Nc6 6. Bg5 Ne4 7. Bf4 Nxc3 8.
bxc3 e6 9. e3 Bd6 10. Bd3 h6 11. O-O Bxf4 12. exf4 Qf6 13. g3 g5 14. f5 exf5 15.
Re1+ Be6 16. Qb3 O-O 17. Qxb7 Na5 18. Qc7 Nc4 19. Bxc4 Rac8 20. Qe5 Qxe5 21.
Nxe5 dxc4 22. Rab1 Bd5 23. Nd7 Rfd8 24. Nc5 Re8 25. f4 g4 26. Kf2 Bf3 27. Re5 f6
28. Rxe8+ Rxe8 29. Rb2 Kf7 30. a4 h5 31. a5 h4 32. gxh4 Rh8 33. Kg3 Re8 34. Kf2
Rh8 35. a6 Rxh4 36. Ke3 Rh8 37. Nb7 Re8+ 38. Kd2 Rh8 39. Nd6+ Kg6 40. Nxc4 Rxh2+
41. Kc1 Rh1+ 42. Kd2 Rh2+ 43. Ke3 Rh1 44. Nd6 Re1+ 45. Kf2 Rh1 46. Rb8 Rh2+ 47.
Ke3 Re2+ 48. Kd3 Re1 49. Rg8+ Kh7 50. Rb8 g3 51. Nxf5 g2 52. Rb7+ Kg6 53. Rg7+
Kxf5 54. Rg3 Be4+ 55. Kd2 Rf1 56. c4 g1=Q 57. Rxg1 Rxg1 58. c5 Rg7 59. Kc3 Rc7
60. Kc4 Bc6 61. d5 Bxd5+ 62. Kxd5 Kxf4 63. Kd6 Rc8 64. c6 Rh8 65. Kd7 f5 66. c7
Ke4 67. Kc6 Rg8 68. Kb7 f4 69. Kxa7 f3 70. Kb7 f2 71. c8=Q Rxc8 72. Kxc8 f1=Q
73. a7 Qc4+ 74. Kb8 Qb5+ 75. Kc7 Qa6 76. Kb8 Qb6+ 77. Ka8 Qc6+ 78. Kb8 Qe8+ 79.
Kb7 Qd7+ 80. Kb8 Qd8+ 81. Kb7 Qd7+ 82. Kb8 Qc6 83. a8=Q Qxa8+ 84. Kxa8 1/2-1/2

[Event "Titled Tue 27th May Early"]
[Site "chess.com INT"]
[Date "2025.05.27"]
[Round "1"]
[White "Veiga, Jose Francisco R P Neves"]
[Black "Popov, Konstantin"]
[Result "1-0"]
[WhiteTitle "IM"]
[BlackTitle "FM"]
[WhiteElo "2389"]
[BlackElo "2378"]
[WhiteFideId "1930087"]
[BlackFideId "34137910"]
[EventDate "2025.05.27"]

1. e4 c5 2. Bc4 e6 3. Nf3 Nc6 4. O-O a6 5. Re1 b5 6. Bf1 Bb7 7. a4 b4 8. c3 Nf6
9. d4 cxd4 10. cxd4 d5 11. e5 Nd7 12. Bg5 Be7 13. Bxe7 Qxe7 14. Nbd2 O-O 15. a5
Rfc8 16. Qa4 Na7 17. Rec1 Bc6 18. Qd1 Bb5 19. Nb3 Bxf1 20. Qxf1 Nb5 21. Qd3 h6
22. h4 Qd8 23. g3 Rxc1+ 24. Rxc1 Rc8 25. Qd1 Nb8 26. Ne1 Rc4 27. Nc2 Nc6 28. Ne3
Rxc1 29. Qxc1 Ncxd4 30. Nxd4 Nxd4 31. Qc5 Nf3+ 32. Kg2 Nxe5 33. Qxb4 d4 34. Nf1
Qd5+ 35. Kh2 Nf3+ 36. Kh3 Ne5 37. Kh2 Nc6 38. Qb7 Nxa5 39. Qc8+ Kh7 40. Qxa6 Nc4
41. b3 Ne5 42. Qa2 Qe4 43. Nd2 Qe2 44. Kg2 Nf3 45. Qb1+ d3 46. Nxf3 Qc2 47. Qe1
Qxb3 48. Qe3 Qd5 49. Kf1 e5 50. Ke1 e4 51. Nd2 f5 52. f3 exf3 53. Qxf3 Qe5+ 54.
Kf2 Qd4+ 55. Qe3 Qd5 56. Nf3 Qa2+ 57. Qd2 Qd5 58. Ne1 Qd4+ 59. Kg2 Qe4+ 60. Kh2
f4 61. gxf4 Kg8 62. Nxd3 Qf3 63. Ne5 Qe4 64. Qd8+ Kh7 65. Qd3 Qxd3 66. Nxd3 Kg6
67. Kg3 Kf5 68. h5 g6 69. hxg6 Kxg6 70. Kg4 Kf6 71. Ne5 h5+ 72. Kg3 Kf5 73. Nf3
Ke4 74. Nh4 Kd4 75. f5 Ke5 76. Kf3 Kf6 77. Kf4 1-0

[Event "Titled Tue 27th May Early"]
[Site "chess.com INT"]
[Date "2025.05.27"]
[Round "1"]
[White "Karas, Marek"]
[Black "Ejsymont, Blanka"]
[Result "1-0"]
[WhiteTitle "FM"]
[BlackTitle "WCM"]
[WhiteElo "2200"]
[BlackElo "1907"]
[WhiteFideId "14928558"]
[BlackFideId "21088268"]
[EventDate "2025.05.27"]

1. d4 d5 2. c4 e6 3. Nf3 Nf6 4. Nc3 c6 5. g3 Bd6 6. Bg2 O-O 7. Nd2 Re8 8. e4
dxe4 9. Ndxe4 Bf8 10. O-O Nbd7 11. Bf4 Nxe4 12. Nxe4 Nf6 13. Nxf6+ Qxf6 14. Be5
Qd8 15. Qd2 Bd6 16. Rfd1 Bxe5 17. dxe5 Qb6 18. Rac1 c5 19. Rc3 Qb4 20. b3 h6 21.
Rd3 Qxd2 22. R1xd2 Rb8 23. Rd8 Kf8 24. R8d6 Ke7 25. f4 b6 26. Kf2 b5 27. Bc6 Rf8
28. cxb5 f6 29. exf6+ Kxf6 30. Ke3 Bb7 31. a4 a6 32. Bxb7 Rxb7 33. Rxa6 Kf5 34.
Rc6 Kg4 35. Rxe6 g5 36. fxg5 hxg5 37. Re4+ Kh3 38. Re5 Rg8 39. Rxc5 Re7+ 40. Kd3
Rd8+ 41. Kc2 Rg8 42. b6 Rh7 43. a5 g4 44. b4 Rc8 45. Rxc8 Rc7+ 46. Kd3 Rc3+ 47.
Ke4 Re3+ 48. Kd4 Re4+ 49. Kc3 Rc4+ 50. Kd3 Rc3+ 51. Ke2 Re3+ 52. Kf2 Rf3+ 53.
Ke1 Rf1+ 54. Ke2 Re1+ 55. Kd3 Re3+ 56. Kc4 Rc3+ 57. Kb5 Rc5+ 58. Ka6 Rxa5+ 59.
Kb7 Ra7+ 60. Kc6 Rc7+ 61. Kd6 Rd7+ 62. Ke6 Re7+ 63. Kf6 Rf7+ 64. Kg5 Rg7+ 65.
Kf4 Rf7+ 66. Ke3 Rf3+ 67. Ke2 Re3+ 68. Kf2 Rf3+ 69. Ke1 Rf1+ 70. Ke2 Re1+ 71.
Kf2 Rf1+ 72. Ke3 Rf3+ 73. Kd4 Rf5 74. Rd3 Rg5 75. Rh8+ Kg2 76. b7 Rd5+ 77. Kxd5
Kh1 78. b8=Q Kg2 79. Qc7 Kh1 80. Qc2 Kg1 81. Rd1# 1-0

[Event "Titled Tue 27th May Early"]
[Site "chess.com INT"]
[Date "2025.05.27"]
[Round "1"]
[White "Gunawardhana, Devindya Oshini"]
[Black "Martinez Alcantara, Jose Eduardo"]
[Result "0-1"]
[WhiteTitle "WIM"]
[BlackTitle "GM"]
[WhiteElo "2068"]
[BlackElo "2611"]
[WhiteFideId "29941482"]
[BlackFideId "3805662"]
[EventDate "2025.05.27"]

1. Nf3 c5 2. g3 Nc6 3. Bg2 g6 4. O-O Bg7 5. e3 e5 6. d3 Nge7 7. c4 O-O 8. Nc3 d6
9. Qe2 h6 10. Rd1 Be6 11. b3 Qd7 12. Bb2 Bh3 13. Bh1 Bg4 14. Qe1 Rae8 15. Rd2 f5
16. Bg2 f4 17. e4 fxg3 18. Qe3 Nd4 19. Ne1 gxh2+ 20. Kxh2 h5 21. f3 Be6 22. Ne2
Kh7 23. Qf2 Bh6 24. Rdd1 Nec6 25. Kh1 Qe7 26. Nxd4 Nxd4 27. Kg1 Bf4 28. Kf1 Qg5
29. Nc2 h4 30. Nxd4 cxd4 31. Ke2 Be3 32. Qf1 Qg3 33. Bc1 Bxc1 34. Rdxc1 Kg7 35.
Qf2 Qf4 36. Rh1 g5 37. Rag1 Rh8 38. Bh3 Bxh3 39. Rxh3 Kf7 40. Kd1 Reg8 41. Rg4
Qf6 42. Qd2 b6 43. Kc2 Kg6 44. Qg2 Rf8 45. b4 a5 46. b5 Rh5 47. Kb3 Kh6 48. a4
Qe7 49. Qd2 Rf4 50. Rxf4 gxf4 51. Qg2 d5 52. Qg8 dxc4+ 53. Kc2 cxd3+ 54. Kxd3
Qa3+ 55. Ke2 Qe7 56. Kd3 Qg7 57. Qe6+ Qg6 58. Qe7 Qg7 59. Qe6+ Kh7 60. Kc4 Qg8
61. Qxg8+ Kxg8 62. Kd5 d3 63. Rh1 h3 64. Kc4 d2 65. Kd3 h2 66. Kxd2 Kf7 67. Ke2
Ke7 68. Kf2 Kd6 69. Ke2 Kc5 70. Kd3 Kb4 71. Kc2 Rh3 72. Kb2 Kxa4 73. Kc2 Kxb5
74. Kb2 a4 75. Ka2 Ka5 76. Kb2 b5 77. Ka2 b4 78. Kb2 a3+ 79. Ka2 Ka4 80. Ka1 b3
81. Kb1 Rxf3 82. Rxh2 Rf1# 0-1